| 000 | 00509nam a22001697a 4500 | ||
|---|---|---|---|
| 010 | _aENG-138515 | ||
| 020 |
_a9788194488671 _c795.00 |
||
| 035 | _aEN-122047 | ||
| 037 | _bDBAD/PUB | ||
| 082 | _a327 | ||
| 100 |
_aAsthana,Shailja _959487 |
||
| 245 |
_aSaarc: _bGoals and achievements/ _cBy Shailja Asthana |
||
| 260 |
_aNew Delhi _bGoel Publications _c2021 |
||
| 270 |
_aG-Floor,4855/24, Ansari Road,Daryaganj, _bDelhi _e110002 |
||
| 300 |
_a256p. _c22cm(hb) |
||
| 942 |
_2ddc _cEN _h327 _mAST |
||
| 999 |
_c199371 _d199371 |
||